LEADER 01248nam a2200277 i 4500 001 000000130474 003 CaOOAMICUS 005 20100920000000.0 008 100920s2009 it u000 u ita u 013 $a103208 020 $a978-88-7402-428-5 040 $aSeMil$bita 100 1 $aBertinetti, Aldo.$0(OLS)http://semarc/name/53944 245 12$aA immagine di Dio, cioè uomo e donna :$buno sguardo al matrimonio /$cAldo Bertinetti. 260 $aCantalupa (TO) :$bEffatà,$c2009. 300 $a331 p. ;$c24 cm. 490 0 $aStudia Taurinensia. San Massimo ;$v5 650 4$aFamiglia - Concezione cristiana.$0(OLS)http://semarc/subject/1374 650 4$aMatrimonio - Concezione cristiana.$0(OLS)http://semarc/subject/383 830 0$aStudia Taurinensia. San Massimo ;$v5.$0(OLS)http://semarc/title/26373 850 $aSeMil 852 $aSeMil$W1$xVenegono$y1$m2LA S 5$j263071$B84518$CSeMilBibl$Z2$F88098 $81 961 $aAcquisto: L.S. srl 996 $6020$a978-88-7402-428-5$9(OLS)http://semarc/number/117363 996 $6245$aA immagine di Dio, cioè uomo e donna :$buno sguardo al matrimonio$9(OLS)http://semarc/title/192169 996 $6260$aCantalupa (TO) :$bEffatà$9(OLS)http://semarc/publisher/32483 LEADER 00838nam a2200205 i 4500 001 000000198094 003 CaOOAMICUS 005 20110224000000.0 008 110224s1905 it u000 u ita u 013 $a176782 040 $aSeMil$bita 100 1 $aLupano, Costantino.$0(OLS)http://semarc/name/71686 245 13$aLa questione sociale :$bconferenze popolari /$cCostantino Lupano. 260 $aMoncalvo :$bTip. e libreria G. Sacerdote,$c1905. 300 $a223 p. ;$c24 cm. 650 4$aQuestione sociale.$0(OLS)http://semarc/subject/3045 850 $aSeMil 852 $aSeMil$W1$xVenegono$y1$m3L III 110$j148650$B148650$CSeMilBibl$Z2$F160039 $81 996 $6245$aLa questione sociale :$bconferenze popolari$9(OLS)http://semarc/title/286150 996 $6260$aMoncalvo :$bTip. e libreria G. Sacerdote$9(OLS)http://semarc/publisher/51115